ASI PIENSAN LOS SALVADOREÑOS URBANOS: 1986-1987/

Na minha lista:
Detalhes bibliográficos
Autor principal: Martín-Baró, Ignacio (autor)
Formato: Livro
Colecção:ESTRUCTURAS Y PROCESOS
Assuntos:
Tags: Adicionar Tag
Sem tags, seja o primeiro a adicionar uma tag!

MARC

LEADER 00000nam^a2200000^a^4500
001 000224197
005 20250521000000.0
009 20260310104041.212
035 |a 042607 
037 |a Acervo Xavier Clavigero 
082 |a 305. 097284  |b MAR 
100 |a Martín-Baró, Ignacio  |e (autor) 
245 1 0 |a ASI PIENSAN LOS SALVADOREÑOS URBANOS:  |b 1986-1987/  |c IGNACIO MARTIN-BARO 
264 |a SAN SALVADOR :  |b UCA,  |c 1987 
300 |a 130p. :  |b tbs. 
336 |a texto  |b txt  |2 rdacontenido 
337 |a sin mediación  |b n  |2 rdamedio 
338 |a volumen  |b nc  |2 rdasoporte 
440 |a ESTRUCTURAS Y PROCESOS 
649 |a XX 
650 |a El Salvador -  |x Condiciones Sociales y Culturales 
650 |a El Salvador -  |x Condiciones Económicas 
650 |a El Salvador -  |x Condiciones Políticas 
910 |a Fondo General 
920 |a Impresos - Libros 
930 |a Colección General 
905 |a 101 
901 |a 042607  |b IT1  |c ACC  |i 042607  |u 20250521 
902 |a https://opac.biblio.iteso.mx/vufind/Record/000224197